Central Library OPAC University of Rajshahi

Training for retail sales and profit / (Record no. 61216)

MARC details
000 -LEADER
fixed length control field 00770nam a2200253 a 4500
001 - CONTROL NUMBER
control field 61216
003 - CONTROL NUMBER IDENTIFIER
rucl marc code BD-RjUL
005 - DATE AND TIME OF LATEST TRANSACTION
control field 20211209080932.0
008 - FIXED-LENGTH DATA ELEMENTS--GENERAL INFORMATION
fixed length control field 170116s1981 nyu b 001 0 eng d
020 ## - INTERNATIONAL STANDARD BOOK NUMBER
International Standard Book Number 0814457169
035 ## - SYSTEM CONTROL NUMBER
System control number (BD-RjUL)61340
040 ## - CATALOGING SOURCE
Original cataloging agency BD-RjUL
Transcribing agency BD-RjUL
Modifying agency BD-RjUL
Language of cataloging eng
041 ## - LANGUAGE CODE
Language code of text/sound track or separate title eng
082 00 - DEWEY DECIMAL CLASSIFICATION NUMBER
Classification number 658.87007
Edition number 23
Author mark and year HOT 1981
100 1# - MAIN ENTRY--PERSONAL NAME
Personal name Howe, Judith J.
9 (RLIN) 182616
245 10 - TITLE STATEMENT
Title Training for retail sales and profit /
Statement of responsibility, etc. Judith J. Howe.
260 ## - PUBLICATION, DISTRIBUTION, ETC. (IMPRINT)
Place of publication, distribution, etc. New York, N.Y. :
Name of publisher, distributor, etc. AMACOM,
Date of publication, distribution, etc. c1981.
300 ## - PHYSICAL DESCRIPTION
Pagination xi, 237 p. ;
Size 22 cm.
504 ## - BIBLIOGRAPHY, ETC. NOTE
Bibliography, etc Includes bibliography and index
650 #0 - SUBJECT ADDED ENTRY--TOPICAL TERM
Topical term or geographic name as entry element Selling
General subdivision Study and teaching.
9 (RLIN) 182617
Topical term or geographic name as entry element Employees
General subdivision Training of.
9 (RLIN) 182618
Topical term or geographic name as entry element Retail trade
General subdivision Study and teaching.
9 (RLIN) 182619
942 ## - ADDED ENTRY ELEMENTS (KOHA)
Source of classification or shelving scheme Dewey Decimal Classification
Koha item type Books
Holdings
Lost status Source of classification or shelving scheme Damaged status Not for loan Collection code Permanent Location Current Location Shelving location Date acquired Source of acquisition Total Checkouts Full call number Date last seen Copy number Koha item type
  Dewey Decimal Classification   Not For Loan Non-fiction Central Library, University of Rajshahi Central Library, University of Rajshahi Reading Room 10/09/1982 Asia foundation   658.87007 HOT 1981 16/01/2017 C-1 Books